00401nam a2200157Ia 4500003000400000008004100004040001600045082001300061100002400074245004400098260003000142300001000172490002400182650001500206650002200221GCL140319s9999 xx 000 0 eng d aGCL / cGCL04a843bJ E1 aJAPRISOT, SEBASTIEN10aL'ETE MEVRTRIER / cJAPRISOT, SEBASTIEN a[S.N] : bFOLIO ، c1994 a433 P aCOLLECTION FOLIOv004aLITERATURE04aFRENCH LITERATURE